01139 2200325 4500001002100000005001500021035002000036007000300056008004100059336002100100337002300121338003800144040002200182245013000204300003100334082001400365084001700379264003000396500006900426650003900495850001200534852002000546856007500566020002200641100003500663700003700698504003400735990002200769990002200791INLIS00000000090045920251015101635 a0010-1025000482ta220930s2014 yoi gs ind d 2rdacontentateks 2rdamediaakomputer 2rdacarrierasumber sambung jaring aYOPDYOGbinderda10a70 English Games Fun & Learning – Cara Asyik Belajar Bahasa Inggris /cYusup Priyasudiarja; penyunting, Y. Sri Purwaningsih a1 berkas komputer (9,8 MB)04223a372.6 a372.6 YUS t31aYogyakarta :bAndi,c2014 aUntuk mengakses buku ini silakan unduh aplikasi http://ijogja.id 4aBahasa Inggris--xPendidikan dasar aYOPDYOG8 aaplikasi iJogja40nPerpustakaan Digital iJogjauhttp://ijogja.id/publications/books/26046 a978-979-29-4076-30 aYusup PriyasudiarjaePengarang1 aSri Purwaningsih, Y.ePenyunting aBibliografi : halaman 263-264 a000867-EPD/B.2018 a000868-EPD/B.2018